Základy obecné teorie státu a práva Část B - Úvod do teorie socialistického státu

Na minha lista:
Detalhes bibliográficos
Formato: Livro
Idioma:tcheco
Publicado em: Praha Ústav státní správy 1989
Edição:3. přeprac. vyd.
Colecção:Studie a informace
Tags: Adicionar Tag
Sem tags, seja o primeiro a adicionar uma tag!

MARC

LEADER 00000nam a2200000 4500
001 c029344
005 20250219092210.1
041 0 |a cze 
044 |a CZ 
245 1 0 |a Základy obecné teorie státu a práva  |b Část B - Úvod do teorie socialistického státu 
250 |a 3. přeprac. vyd. 
264 1 |a Praha  |b Ústav státní správy  |c 1989 
300 |a 134 s. 
490 1 |a Studie a informace 
830 0 |a Studie a informace